000 00402 a2200145 4500
245 _acasual brutality
_hprint
020 _a0517572028 :
250 _a1st American ed.
700 _aBissoondath, Neil
650 _aEnglish Novel
005 20191017172930.0
260 _anyu
_bClarkson N. Potter
_c1989, c1988
084 _aPR9199.3.B457 C37 1989
300 _a376 p.
_b 24 cm.
_c376 p. ; 24 cm.
500 _aby Neil Bissoondath.
999 _c9569
_d9569